| 000 | 00586nam a22002055b 4500 | ||
|---|---|---|---|
| 003 | OSt | ||
| 005 | 20151204113444.0 | ||
| 008 | 960606s1995 sp spa | ||
| 020 | _a84-226-5673-6 | ||
| 040 | _cBMC | ||
| 082 | _a823 | ||
| 100 | 1 |
_aSharpe, Tom _d1928-2013 _932253 |
|
| 245 | 1 | 3 |
_aEl temible Blott _cTom Sharpe; traducción, Antonio Mauri |
| 260 | 1 |
_aBarcelona _bCìrculo de lectores _cD.L. 1995 |
|
| 300 |
_a271 p. _c21 cm |
||
| 546 | _aTraducción de: Blott on the Landscape | ||
| 650 | 2 | 4 |
_911162 _aNovela inglesa |
| 700 | 1 |
_937552 _aMauri, Antonio |
|
| 942 |
_2ddc _cBK |
||
| 999 |
_c23920 _d23920 |
||